| 000 | 01329 a2200217 4500 | ||
|---|---|---|---|
| 001 | 22954 | ||
| 005 | 20260407155518.0 | ||
| 008 | 260407a1999 arg spa d | ||
| 003 | AR-UNSa-BCEJYS | ||
| 040 |
_aAR-UNSa-BCEJYS _bspa _cAR-UNSa-BCEJYS |
||
| 080 |
_a347 _xDerecho Civil |
||
| 245 | 1 | 0 |
_aDerecho Civil _pParte general. obligaciones. contratos.derecho reales. familia y sucesiones. |
| 264 | 1 |
_aSalta : _bUniversidad Nacional de Salta. Facultad de Ciencias Económicas, Jurídicas y Sociales _c1999 |
|
| 300 |
_a2v (338; 38 p.) _c20 cm. |
||
| 505 | _aTomo I: 1. El derecho - 2. El patrimonio - 3. Instrumentos privados - 4. Teoria general de las obligaciones - 5. Efectos de las obligaciones - 6. Extinción de las obligaciones - 7. Actos ilicitos - 8. Responsabilidad por los hechos de las cosas Tomo II: 9. Teoria general del contrato - 10. Cesión de los contratos - 11. Contratos en particular - 12. Locación de cosas - 13. Mandato - 14. Derechos reales - 15. Usufructo - 16. Derecho de familia - 17. Filiación - 18. Poseción hereditaria - 19. Testamentos. Legado. | ||
| 942 | _cBK | ||
| 590 | _aniveau_biblio:m niveau_hierar:0 | ||
| 100 | 1 | _aAyala de Yáñez, María Rosa I. | |
| 700 | 1 | _aYarade, Héctor Reinaldo | |
| 856 | 4 | 1 |
_uhttps://170.210.207.44/pmb/images/libros/L86758.jpg _yImagen de portada _qimage/jpeg |
| 999 |
_c1067 _d1067 |
||